Manual del artista y del viagero en Granada / (Record no. 154310)
[ view plain ]
| 000 -LEADER | |
|---|---|
| campo de control de longitud fija | 00625nam a22001935i 4500 |
| 001 - NÚMERO DE CONTROL | |
| campo de control | 154310 |
| 003 - IDENTIFICADOR DE NÚMERO DE CONTROL | |
| campo de control | ES-MaACL |
| 005 - FECHA Y HORA DE LA ÚLTIMA TRANSACCIÓN | |
| campo de control | 20230906205646.0 |
| 008 - DATOS DE LONGITUD FIJA--INFORMACIÓN GENERAL | |
| campo de control de longitud fija | 940202s1846 sp |||| | spa d |
| 040 ## - FUENTE DE CATALOGACIÓN | |
| Centro catalogador/agencia de origen | AS |
| Lengua de catalogación | spa |
| 080 ## - NÚMERO DE LA CLASIFICACIÓN DECIMAL UNIVERSAL | |
| Número de la Clasificación Decimal Universal | 725.94(460.357 G.) |
| 100 1# - ENTRADA PRINCIPAL--NOMBRE DE PERSONA | |
| Nombre de persona | Giménez-Serrano, José. |
| 9 (RLIN) | 127321 |
| 245 10 - MENCIÓN DEL TÍTULO | |
| Título | Manual del artista y del viagero en Granada / |
| Mención de responsabilidad, etc. | por José Giménez-Serrano. |
| 250 ## - MENCION DE EDICION | |
| Mención de edición | 2ª ed. |
| 260 ## - PUBLICACIÓN, DISTRIBUCIÓN, ETC. | |
| Lugar de publicación, distribución, etc. | Granada : |
| Nombre del editor, distribuidor, etc. | J.A. Linares, |
| Fecha de publicación, distribución, etc. | 1846 ( |
| Fabricante | Imprenta de Puchol) |
| 300 ## - DESCRIPCIÓN FÍSICA | |
| Extensión | X, 399 p. ; |
| Dimensiones | 14 cm. |
| 650 #4 - PUNTO DE ACCESO ADICIONAL DE MATERIA--TÉRMINO DE MATERIA | |
| Término de materia o nombre geográfico como elemento de entrada | Monumentos- |
| Subdivisión geográfica | Granada. |
| 9 (RLIN) | 149669 |
| 852 ## - LOCALIZACIÓN | |
| Ubicación | ES-MaACL |
| Número de control de estantería | Z-251 |
| Encuadernación | Olim: G-1092 |
| Nota libre | Enc. hol. |
| Estatus retirado | Estado de pérdida | Estado de daño | No para préstamo | Colección | Biblioteca de origen | Biblioteca actual | Ubicación en estantería | Fecha de adquisición | Total de préstamos | Signatura topográfica completa | Código de barras | Visto por última vez | Precio de reemplazo | Tipo de ítem Koha |
|---|---|---|---|---|---|---|---|---|---|---|---|---|---|---|
| Libros del s. XIX | Biblioteca del Ateneo de Madrid | Biblioteca del Ateneo de Madrid | Depósito Z | 17/01/2008 | Z-251 | 1161367 | 23/02/2023 | 23/02/2023 | Libro impreso antiguo |
